[Event "Villa Ballester op"]
[Site "Villa Ballester"]
[Date "2024.08.09"]
[Round "5"]
[White "Aguilar, Jorge Hernan"]
[Black "Alvarez, Leonardo Fabian"]
[Result "1-0"]
[WhiteElo "1849"]
[BlackElo "1934"]
[PlyCount "59"]
[EventDate "2024.08.02"]
[EventType "swiss"]
[EventRounds "7"]
[EventCountry "ARG"]
[SourceTitle "EXT 2025"]
[Source "ChessBase"]
[SourceDate "2024.10.14"]
[SourceVersion "1"]
[SourceVersionDate "2024.10.14"]
[SourceQuality "1"]

1. e4 c6 2. Nc3 d5 3. Nf3 dxe4 4. Nxe4 Nf6 5. Qe2 Nxe4 6. Qxe4 Nd7 7. Bc4 Nf6 8. Ne5 e6 9. Qe2 Bd6 10. d4 Qc7 11. 0-0 a6 12. Re1 b5 13. Bd3 Bb7 14. Bf4 0-0 15. Bg3 Rad8 16. Rad1 c5 17. dxc5 Qxc5 18. a3 Qc7 19. Ng4 Bxg3 20. Nxf6+ gxf6 21. hxg3 f5 22. Qh5 Kh8 23. Qh6 Rg8 24. Qf6+ Rg7 25. Be4 Rc8 26. Bxb7 Qxb7 27. Rd8+ Rxd8 28. Qxd8+ Rg8 29. Qf6+ Rg7 30. Rd1 1-0

[Event "Villa Ballester op 73rd"]
[Site "Buenos Aires"]
[Date "2024.01.27"]
[Round "8"]
[White "Aguilar, Jorge Hernan"]
[Black "Salas, Gonzalo"]
[Result "1-0"]
[WhiteElo "1792"]
[BlackElo "1369"]
[PlyCount "81"]
[EventDate "2024.01.19"]
[EventType "swiss"]
[EventRounds "9"]
[EventCountry "ARG"]
[SourceTitle "CBM 218 Extra"]
[Source "ChessBase"]
[SourceDate "2024.03.31"]
[SourceVersion "1"]
[SourceVersionDate "2024.03.31"]
[SourceQuality "1"]

1. d4 Nf6 2. Nf3 e6 3. e3 b6 4. Bd3 Bb7 5. Nbd2 d5 6. Qe2 Bd6 7. c3 Ne4 8. 0-0 0-0 9. Re1 Nd7 10. Nf1 c5 11. N3d2 f5 12. f3 Nxd2 13. Bxd2 Nf6 14. Red1 Qc7 15. Be1 Rae8 16. f4 Ne4 17. Nd2 Rf6 18. Nf3 Rh6 19. Bxe4 fxe4 20. Ne5 Rf8 21. Bg3 Qc8 22. b3 cxd4 23. cxd4 Ba6 24. Qd2 Bxe5 25. dxe5 Bd3 26. Rac1 Qd7 27. Qc3 Qb5 28. Qb2 Rh5 29. Rc7 g5 30. Qd4 gxf4 31. Bxf4 Qa6 32. a4 Be2 33. Rdc1 Rhf5 34. R7c6 Qd3 35. g3 Qxb3 36. Rxe6 Bf3 37. Rd6 Qa2 38. Qxd5+ Qxd5 39. Rxd5 Bg4 40. Rc7 a5 41. Rd6 1-0

[Event "Villa Ballester op 72nd"]
[Site "Villa Ballester"]
[Date "2023.01.18"]
[Round "1"]
[White "Aguilar, Jorge Hernan"]
[Black "Cumpe, Lucas"]
[Result "0-1"]
[WhiteElo "1734"]
[BlackElo "2114"]
[PlyCount "54"]
[EventDate "2023.01.18"]
[EventType "swiss"]
[EventRounds "9"]
[EventCountry "ARG"]
[SourceTitle "EXT 2024"]
[Source "ChessBase"]
[SourceDate "2023.10.10"]
[SourceVersion "1"]
[SourceVersionDate "2023.10.10"]
[SourceQuality "1"]

1. d4 d5 2. Bf4 Nf6 3. e3 e6 4. Bd3 Bd6 5. Bxd6 cxd6 6. c3 Nc6 7. Nf3 e5 8. Bb5 Qe7 9. dxe5 dxe5 10. 0-0 0-0 11. Nbd2 Bf5 12. Re1 a6 13. Bf1 Rfd8 14. h3 Qc5 15. Nb3 Qd6 16. Qe2 Rac8 17. Red1 Qe7 18. Rac1 b5 19. Nh4 Be6 20. g4 Nxg4 21. hxg4 Qxh4 22. f3 e4 23. Bg2 exf3 24. Bxf3 Ne5 25. Rd4 Qg3+ 26. Bg2 Bxg4 27. Rxg4 Nxg4 0-1

[Event "Buenos Aires ProAm op 26th"]
[Site "Buenos Aires"]
[Date "2019.10.13"]
[Round "8"]
[White "Aguilar, Jorge Hernan"]
[Black "Payba, Joaquin"]
[Result "1-0"]
[WhiteElo "1846"]
[BlackElo "1288"]
[PlyCount "98"]
[EventDate "2019.10.06"]
[EventType "team-swiss"]
[EventRounds "8"]
[EventCountry "ARG"]
[SourceTitle "CBM 192 Extra"]
[Source "Chessbase"]
[SourceDate "2019.11.06"]
[SourceVersion "1"]
[SourceVersionDate "2019.11.06"]
[SourceQuality "1"]

1. d4 d5 2. Nc3 e6 3. Bf4 Nf6 4. Qd2 Be7 5. 0-0-0 0-0 6. f3 b6 7. g4 Nbd7 8. h4 Ne8 9. g5 h5 10. gxh6 g6 11. h5 g5 12. Be3 f5 13. Bf2 c5 14. Kb1 c4 15. e4 Bb7 16. Nh3 f4 17. Rg1 Kh7 18. e5 a6 19. Be1 Kxh6 20. Nf2 b5 21. Ng4+ Kh7 22. h6 Rg8 23. Bh3 Nc7 24. Ne2 a5 25. c3 Qe8 26. Qc1 Qg6+ 27. Ka1 a4 28. a3 Raf8 29. Rh1 Bd8 30. Nf2 Nb6 31. Bg4 Nd7 32. Bd2 Nb8 33. Rdg1 Nc6 34. Ka2 Na5 35. Qd1 Nb3 36. Nh3 Qd3 37. Bc1 Nxc1+ 38. Nxc1 Qxd1 39. Rxd1 Bc8 40. Rd2 Rg6 41. Nf2 Be7 42. Nd1 Na6 43. Rdh2 Nb8 44. Nf2 Nc6 45. Kb1 Bd8 46. Kc2 Ne7 47. Na2 Nc6 48. Kd2 Be7 49. Nb4 Nxb4 1-0

[Event "Buenos Aires ProAm op 26th"]
[Site "Buenos Aires"]
[Date "2019.10.06"]
[Round "1"]
[White "Aguilar, Jorge Hernan"]
[Black "Munoz, Francisco Javier"]
[Result "0-1"]
[WhiteElo "1846"]
[BlackElo "2292"]
[PlyCount "84"]
[EventDate "2019.10.06"]
[EventType "team-swiss"]
[EventRounds "8"]
[EventCountry "ARG"]
[SourceTitle "CBM 192 Extra"]
[Source "Chessbase"]
[SourceDate "2019.11.06"]
[SourceVersion "1"]
[SourceVersionDate "2019.11.06"]
[SourceQuality "1"]

1. d4 d5 2. Bf4 c5 3. c3 Nc6 4. e3 Nf6 5. Nd2 e6 6. Ngf3 Bd6 7. Bg3 0-0 8. Bd3 b6 9. 0-0 Bxg3 10. hxg3 Bb7 11. Re1 Re8 12. Bb5 a6 13. Ba4 Rc8 14. Ne5 b5 15. Nxc6 Rxc6 16. Bc2 e5 17. Nb3 c4 18. Nd2 e4 19. f3 exf3 20. gxf3 Rce6 21. Kf2 Qd6 22. Bf5 R6e7 23. f4 g6 24. Bh3 Bc8 25. Bxc8 Rxc8 26. Qf3 Qe6 27. Kg2 Qf5 28. Re2 h5 29. Rae1 Rce8 30. Nf1 a5 31. a3 b4 32. axb4 axb4 33. Ra1 bxc3 34. bxc3 Rb7 35. Rc1 Kg7 36. Nd2 Rb2 37. Nf1 Rb6 38. Nd2 Qd3 39. Nf1 Rb3 40. Rec2 Reb8 41. Kh3 Rb1 42. Qd1 Qxd1 0-1